00648nam a2200229 a 4500001001300000003000900013005001700022008004100039020001000080082001300090245002500103260004700128300000800175500003500183505001000218650001300228710003300241902000800274942000700282952011400289999001500403nice12345678IN_TiNIC20260116012354.0050524s1977 sina grp 000 0 eng  ac10000a266bCCA aSingapore to Penang. aSingapurbChristian Conference Indiac1977 a62p aincludes index and biblioraphy2 aIndex aMissions2 aChristian Conference of Asia bSRS cBK 001040708StackRoom-aHMIbHMId2007-07-11g100.00l0o266 CCAp012645r2007-07-11v100.00w2005-05-24yBK c6745d6745